000 00410nam a2200133Ia 4500
008 231129s9999||||xx |||||||||||||| ||spa||
020 _a958-9028-85-3
040 _bspa
082 _a336.861 / L864h
100 _aLopez Garavito Luis Fernando
245 0 _aHistoria de la hacienda y el tesoro en Colombia 1821-1900
264 _aBanco de la Republica
942 _2ddc
_cBKS
999 _c15122
_d15122